000 00711nam a2200253Ia 4500
003 OSt
005 20220925212514.0
006 a|||||r|||| 00| 0
007 ta
008 220923b |||||||| |||| 00| 0 eng d
020 _a04 320065 6
037 _cGeneral Book
040 _aRTL
_cRTL
_beng
041 _2eng
_aeng
082 _aX:3M24xM18, L0
100 _aTucker Robert C
_920977
245 0 _amarchioness revolutionary idea
260 _aLondon
_bAllen and Unwin
_c1970
300 _axi, 240p
_ccm.
500 _aBibliography 227-31
650 _aEconomic Classics Karl Marx
_9233100
942 _hX:3M24xM18, L0
_cGB
_2CC
999 _c560527
_d560527